| 000 | 00325nam a2200109Ia 4500 | ||
|---|---|---|---|
| 008 | 220204s9999 xx 000 0 und d | ||
| 082 |
_aNR:631.1 1980 _bRRM;1 |
||
| 245 | 0 | _aRRIM training manual on estate management and planning: November 1980 | |
| 260 |
_aKuala Lumpur _bRRIM _c1980 |
||
| 650 | _aEstate management | ||
| 942 | _cBK | ||
| 999 |
_c43379 _d43379 |
||